Countries that were in the 2014 FIFA World Cup - Statistics

General Stats
  • This quiz has been taken 38 times
  • The average score is 30 of 32
Answer Stats
Picture Answer % Correct
Brazil
100%
Croatia
100%
Mexico
100%
Colombia
97%
Netherlands
97%
Spain
97%
Argentina
94%
Australia
94%
Belgium
94%
England
94%
France
94%
Greece
94%
Japan
94%
Portugal
94%
Uruguay
94%
USA
94%
Chile
91%
Ecuador
91%
Germany
91%
Italy
91%
Nigeria
91%
Russia
91%
South Korea
91%
Switzerland
91%
Cameroon
89%
Costa Rica
89%
Ghana
89%
Iran
89%
Ivory Coast
89%
Algeria
86%
Bosnia and Herzegovina
86%
Honduras
80%
No matching quizzes found
Score Distribution
Percent of People with Each Score
Percentile by Number Answered
Your Score History
You have not taken this quiz